History Quiz

Random History or Letter Quiz

Earliest President Containing Each Letter Quiz Stats

 Plays Quiz Updated Jan 22, 2017

Support Sporcle.
Go Orange.
Score 0/24 Timer 01:30
3 Plays Today
Letter President % Correct
AWashington
98.2%
IWashington
97.9%
HWashington
97.8%
NWashington
97.8%
OWashington
97.7%
WWashington
97.7%
TWashington
97.6%
SWashington
97.6%
GWashington
97.5%
DAdams
95.2%
MAdams
94.5%
EJefferson
91.3%
Letter President % Correct
FJefferson
91.3%
JJefferson
91.2%
RJefferson
90.9%
VVan Buren
75.6%
PPolk
75.3%
UVan Buren
75%
BVan Buren
74.6%
CJackson
73.7%
KJackson
73.7%
YTyler
64.5%
LTyler
63.3%
XNixon
61.7%

You're not logged in!

Compare scores with friends on all Sporcle quizzes.
OR
Log In
Forgot?

From the Vault

Ultimate Border Challenge: 'M'

by Headers2304

If you flipped this quiz upside-down it would be the 'W' border challenge.
Remove Ads.
Support Sporcle.
Get the best of Sporcle when you Go Orange. This ad-free experience offers more features, more stats, and more fun while also helping to support Sporcle. Thank you for becoming a member.

Show Comments

Extras

Top Quizzes Today


Score Distribution

Your Account Isn't Verified!

In order to create a playlist on Sporcle, you need to verify the email address you used during registration. Go to your Sporcle Settings to finish the process.

Report this User

Report this user for behavior that violates our Community Guidelines.

Details: